000 00336nam a22001457a 4500
008 210429b ||||| |||5| 00| 0 eng d
020 _a978072168687
041 _aeng
080 _23rd
_a610.73
082 _a610.73
100 _a1
101 _aINF
245 _aIntroduction to Critical Care Nursing
_cSole,M.L
942 _2udc
_cBK
999 _c56994
_d56994